书目信息 |
| 题名: |
童话
|
|
| 作者: | ;新蕾出版社 编辑 | |
| 分册: | 23 | |
| 出版信息: | 天津 新蕾出版社 1990.12 |
|
| 页数: | 158页 | |
| 开本: | 20cm | |
| 丛书名: | ||
| 单 册: | ||
| 中图分类: | I18 , I287.7 | |
| 科图分类: | 42.88 | |
| 主题词: | 童话--世界--选集 , 儿童文学--中国 , 儿童文学--中国--丛书 | |
| 电子资源: | ||
| ISBN: | 7-5307-0781-7 | |
| 000 | 00715nam0 2200253 45 | |
| 001 | 1568531633 | |
| 005 | 20150129190240.57 | |
| 010 | @a7-5307-0781-7@dCNY0.56 | |
| 100 | @a19920511d1990 cdmy0chiy0121 ea | |
| 101 | 0 | @achi |
| 102 | @aCN@b120000 | |
| 105 | @af z 000zy | |
| 200 | 10 | @a童话@ATONG HUA@h23@f新蕾出版社编辑@FXIN LEI CHU BAN SHE BIAN JI |
| 210 | @a天津@c新蕾出版社@d1990.12@h1991.4印刷 | |
| 215 | @a158页@c插图@d20cm | |
| 606 | @a童话@y世界@x选集 | |
| 606 | 0 | @a儿童文学@x中国 |
| 606 | 0 | @a儿童文学@x中国@x丛书 |
| 690 | @aI18@v三版 | |
| 690 | @aI287.7@v4 | |
| 692 | @a42.88 | |
| 711 | 02 | @a新蕾出版社@AXIN LEI CHU BAN SHE@4编辑 |
| 801 | 0 | @aCN@bTSSF@c20150129 |
| 905 | @aZUCC@dI287.7@eJY17 | |
| 童话.23/新蕾出版社编辑.-天津:新蕾出版社,1990.12(1991.4印刷) |
| 158页:插图;20cm |
| ISBN 7-5307-0781-7:CNY0.56 |
| ● |
| 相关链接 |
|
|
|
|
正题名:童话
索取号:I287.7/JY17
 
预约/预借
| 序号 | 登录号 | 条形码 | 馆藏地/架位号 | 状态 | 备注 |
| 1 | 7863619 | 278636193 | 学院路分馆/ [索取号:I287.7/JY17] | 在馆 |